[Event "Banff op U1800"]
[Site "Banff CAN"]
[Date "2021.11.13"]
[Round "3.46"]
[White "Gavrileva, Anna"]
[Black "Gokhale, Tanishka"]
[Result "0-1"]
[WhiteElo "1203"]
[BlackElo "812"]
[PlyCount "86"]
[EventDate "2021.11.12"]
[EventType "swiss"]
[EventRounds "6"]
[EventCountry "CAN"]

1. d4 d5 2. Bf4 c5 3. e3 Nc6 4. Nf3 Bf5 5. Nbd2 Nf6 6. c3 Nh5 7. Ne5 Nxf4 8.
exf4 Nxe5 9. fxe5 Qb6 10. Qb3 Qxb3 11. Nxb3 c4 12. Nd2 e6 13. Be2 Be7 14. O-O
O-O 15. f4 h6 16. h3 b5 17. g4 Bh7 18. b4 a5 19. a3 f6 20. Nf3 Be4 21. exf6
gxf6 22. Nd2 Bh7 23. Bf3 f5 24. Rae1 Kf7 25. gxf5 Bxf5 26. Kh2 Rg8 27. Bh5+ Kf8
28. Nf3 Be4 29. Rg1 Rxg1 30. Rxg1 Bf6 31. Ne5 Ke7 32. Bg6 axb4 33. Bxe4 dxe4
34. axb4 Ra3 35. Rg3 Kd6 36. Re3 Kd5 37. Kg3 Be7 38. Ng6 Bxb4 39. f5 exf5 40.
Nf4+ Kd6 41. Ne2 Ba5 42. Kf4 Ke6 43. Rg3 Bc7+ 0-1

[Event "Banff op U1800"]
[Site "Banff CAN"]
[Date "2021.11.13"]
[Round "3.48"]
[White "Hendi, Mickail"]
[Black "McGinnis, Paul"]
[Result "1-0"]
[WhiteElo "718"]
[BlackElo "1702"]
[PlyCount "89"]
[EventDate "2021.11.12"]
[EventType "swiss"]
[EventRounds "6"]
[EventCountry "CAN"]

1. e4 c6 2. Nc3 d5 3. Nf3 dxe4 4. Nxe4 Bg4 5. Bc4 e6 6. h3 Bxf3 7. Qxf3 Nf6 8.
O-O Nbd7 9. b3 Be7 10. Bb2 Nxe4 11. Qxe4 Bf6 12. Bxf6 Nxf6 13. Qe3 O-O 14. d4
Qc7 15. Bd3 Rad8 16. c3 Rfe8 17. Rfe1 Nd5 18. Qd2 b5 19. Re4 f5 20. Rh4 Qe7 21.
g3 Rd7 22. c4 bxc4 23. Bxc4 Qf6 24. b4 g5 25. Rh5 Rg7 26. b5 Qg6 27. Bxd5 Qxh5
28. Bxc6 Ree7 29. Kg2 Qf7 30. d5 Qf6 31. Re1 exd5 32. Qxd5+ Kh8 33. Qd8+ Rg8
34. Qxe7 Qxe7 35. Rxe7 Rg7 36. Re8+ Rg8 37. Ra8 Rxa8 38. Bxa8 Kg7 39. a4 Kf7
40. Bb7 Ke7 41. a5 Kd7 42. b6 axb6 43. axb6 h6 44. Kf3 h5 45. h4 1-0

[Event "Banff op U1800"]
[Site "Banff CAN"]
[Date "2021.11.13"]
[Round "3.49"]
[White "Nguyen, Ryan"]
[Black "Mantla, Harrison"]
[Result "0-1"]
[WhiteElo "614"]
[BlackElo "1387"]
[PlyCount "72"]
[EventDate "2021.11.12"]
[EventType "swiss"]
[EventRounds "6"]
[EventCountry "CAN"]

1. e4 e5 2. Bc4 Nf6 3. d3 Bc5 4. Be3 Bxe3 5. fxe3 d6 6. Nf3 Bg4 7. O-O Nc6 8.
a3 Qd7 9. Qd2 Na5 10. Qxa5 b6 11. Qb4 O-O 12. Qb3 h6 13. Bb5 c6 14. Bc4 b5 15.
Bxf7+ Rxf7 16. Nh4 Be6 17. Qc3 Ng4 18. Rxf7 Qxf7 19. Qe1 c5 20. Nc3 Bd7 21. Nd5
Bc6 22. c4 Bxd5 23. exd5 b4 24. axb4 cxb4 25. Qxb4 Nxe3 26. Qe1 Nc2 27. Qc1
Nxa1 28. Qxa1 g5 29. Nf3 g4 30. Nh4 Qh5 31. g3 Rf8 32. Qxa7 Qf7 33. Qa1 Qf2+
34. Kh1 Qe2 35. Qb1 Rf1+ 36. Qxf1 Qxf1# 0-1

[Event "Banff op U1800"]
[Site "Banff CAN"]
[Date "2021.11.13"]
[Round "4.32"]
[White "Maheux, Pierre"]
[Black "Funk, Andrew"]
[Result "1-0"]
[WhiteElo "1627"]
[BlackElo "1623"]
[PlyCount "76"]
[EventDate "2021.11.12"]
[EventType "swiss"]
[EventRounds "6"]
[EventCountry "CAN"]

1. e4 c5 2. Nf3 e6 3. Nc3 a6 4. d4 cxd4 5. Nxd4 Qc7 6. Be2 Nf6 7. O-O Nc6 8.
Nxc6 dxc6 9. Bg5 Bc5 10. Qd2 h5 11. Rad1 e5 12. Bf3 Bd7 13. Na4 Ba7 14. Be3 c5
15. Nc3 O-O-O 16. Nd5 Nxd5 17. exd5 Qd6 18. c4 h4 19. b4 g5 20. bxc5 Bxc5 21.
Qa5 Bxe3 22. fxe3 g4 23. Be2 g3 24. h3 f5 25. c5 Qh6 26. Qc3 Bb5 27. Bxb5 axb5
28. Rxf5 b4 29. Qd2 e4 30. Rdf1 Rhf8 31. Qd4 Rxf5 32. Rxf5 Qa6 33. Qxe4 Qxa2
34. d6 Qd2 35. Qe7 Qc1+ 36. Rf1 Qxc5 37. d7+ Kb8 38. Qxc5 b3 1-0

[Event "Banff op U1800"]
[Site "Banff CAN"]
[Date "2021.11.13"]
[Round "4.33"]
[White "Stefanov, Marko"]
[Black "Reuter, Gerhard"]
[Result "0-1"]
[WhiteElo "922"]
[BlackElo "1713"]
[PlyCount "66"]
[EventDate "2021.11.12"]
[EventType "swiss"]
[EventRounds "6"]
[EventCountry "CAN"]

1. e4 e5 2. Nf3 Nc6 3. Bb5 a6 4. Ba4 Nf6 5. d3 Bc5 6. O-O d6 7. Re1 O-O 8. h3
Bd7 9. c3 b5 10. Bc2 Re8 11. d4 Bb6 12. Bg5 h6 13. Bh4 g5 14. Bg3 Kh7 15. Nbd2
g4 16. hxg4 Bxg4 17. Bh4 Qe7 18. g3 Rad8 19. Kg2 Nb8 20. Rh1 Nbd7 21. Qc1 Rg8
22. Bg5 h5 23. Nf1 Qe6 24. d5 Bxf3+ 25. Kxf3 Qg4+ 26. Kg2 Qxg5 27. Qd1 Rg6 28.
Nh2 Bxf2 29. Kxf2 Qxg3+ 30. Ke2 Qg2+ 31. Ke3 Rg3+ 32. Nf3 Ng4+ 33. Kd3 Nc5# 0-1

[Event "Banff op U1800"]
[Site "Banff CAN"]
[Date "2021.11.13"]
[Round "4.34"]
[White "Drury, Jonathan"]
[Black "Wolfram, Ben"]
[Result "0-1"]
[WhiteElo "1616"]
[BlackElo "1478"]
[PlyCount "70"]
[EventDate "2021.11.12"]
[EventType "swiss"]
[EventRounds "6"]
[EventCountry "CAN"]

1. e4 c6 2. d4 d5 3. exd5 cxd5 4. Bd3 Nc6 5. Ne2 Bg4 6. f3 Bh5 7. O-O Nf6 8. c3
e6 9. Bf4 Bd6 10. Bxd6 Qxd6 11. Ng3 Bg6 12. Be2 h5 13. Re1 h4 14. Nf1 h3 15. g3
a6 16. Nbd2 b5 17. a4 b4 18. c4 Nxd4 19. cxd5 Nxe2+ 20. Qxe2 Nxd5 21. Nc4 Qc5+
22. Nce3 O-O 23. Rac1 Qb6 24. Kh1 Nxe3 25. Nxe3 Rfd8 26. Nc4 Qb7 27. Ne5 Bf5
28. g4 Bh7 29. Red1 Rac8 30. Rxc8 Rxc8 31. Qd2 Kh8 32. Qd7 Qxd7 33. Nxd7 Rd8
34. Kg1 Bc2 35. Rd2 Bxa4 0-1

[Event "Banff op U1800"]
[Site "Banff CAN"]
[Date "2021.11.13"]
[Round "4.35"]
[White "Zhang, James"]
[Black "Landon, Matthew"]
[Result "0-1"]
[WhiteElo "1400"]
[BlackElo "1136"]
[PlyCount "130"]
[EventDate "2021.11.12"]
[EventType "swiss"]
[EventRounds "6"]
[EventCountry "CAN"]

1. e4 e5 2. Nf3 Nc6 3. d4 exd4 4. Nxd4 Bc5 5. Nb3 Bb6 6. Nc3 Nf6 7. Bc4 O-O 8.
Qe2 Re8 9. Bg5 Ne5 10. f4 Nxc4 11. Qxc4 d6 12. O-O-O Be6 13. Qd3 Qc8 14. Bxf6
gxf6 15. f5 Bd7 16. Nd5 Qd8 17. Qg3+ Kh8 18. Qh4 Rg8 19. Qxf6+ Qxf6 20. Nxf6
Rgd8 21. Rd3 Kg7 22. Nxd7 Rxd7 23. e5 Re8 24. exd6 cxd6 25. Kd2 Bc7 26. c4 Rde7
27. Rf1 Re2+ 28. Kc3 Rxg2 29. Rg3+ Rxg3+ 30. hxg3 Re3+ 31. Kd2 Rxg3 32. Nd4 Bd8
33. Ne2 Rg5 34. Nc3 a6 35. Ne4 Rg2+ 36. Kc3 Bf6+ 37. Nxf6 Kxf6 38. Rd1 Ke7 39.
Rh1 Rg7 40. Rf1 Kf6 41. Rf2 Rg5 42. Rh2 h5 43. Kd4 Rxf5 44. b4 Kg6 45. a4 Kf6
46. b5 axb5 47. cxb5 Rf4+ 48. Kd5 Rxa4 49. Kxd6 h4 50. Kc7 Kg5 51. Kxb7 Ra3 52.
b6 Rb3 53. Kc7 Kg4 54. b7 Kg3 55. Rc2 h3 56. b8=Q Rxb8 57. Kxb8 h2 58. Rc1 f5
59. Rc3+ Kg4 60. Rc1 f4 61. Kc7 Kg3 62. Kd6 f3 63. Ke5 Kg2 64. Kf4 f2 65. Ke3
f1=Q 0-1

[Event "Banff op U1800"]
[Site "Banff CAN"]
[Date "2021.11.13"]
[Round "4.36"]
[White "Gokhale, Tanishka"]
[Black "Bruneau, Gilles"]
[Result "0-1"]
[WhiteElo "812"]
[BlackElo "1400"]
[PlyCount "176"]
[EventDate "2021.11.12"]
[EventType "swiss"]
[EventRounds "6"]
[EventCountry "CAN"]

1. e4 e5 2. Nf3 Nf6 3. Nc3 Nc6 4. d4 exd4 5. Nxd4 Nxd4 6. Qxd4 d6 7. Bc4 Be7 8.
Bf4 O-O 9. O-O-O Be6 10. h4 h6 11. f3 Bxc4 12. Qxc4 Nh5 13. Be3 Bxh4 14. g4 Bg5
15. Bxg5 Qxg5+ 16. Kb1 Nf6 17. Qxc7 Qf4 18. Rdf1 b6 19. Qc4 a6 20. a3 b5 21.
Qd3 Rfd8 22. Nd5 Nxd5 23. Qxd5 Rac8 24. Rh3 Rc5 25. Qd3 Rdc8 26. c3 Rd8 27. Qd4
Rc4 28. Qb6 Rdc8 29. Qxa6 Qd2 30. Rhh1 Qd3+ 31. Ka2 R4c6 32. Qb7 Qe2 33. Ka1
R8c7 34. Qb8+ Rc8 35. Qa7 R6c7 36. Qd4 Rd8 37. Rf2 Qc4 38. Qxc4 bxc4 39. Rd1
Kf8 40. e5 d5 41. Rfd2 Rcd7 42. Ka2 Ke7 43. a4 Ke6 44. f4 Rb7 45. Rb1 Rb3 46.
Ra1 Rdb8 47. Kb1 Rxc3 48. Re2 Rf3 49. f5+ Ke7 50. Kc2 d4 51. Rd2 Rf4 52. a5 Re4
53. a6 d3+ 54. Kc1 Rxe5 55. a7 Ra8 56. Ra4 Rc5 57. Rd1 Rc7 58. Re1+ Kf6 59.
Ra6+ Kg5 60. Re8 Raxa7 61. Rxa7 Rxa7 62. Kd2 Rc7 63. Re4 h5 64. gxh5 Kxh5 65.
Kc3 Kg5 66. Re5 Kf4 67. Rd5 f6 68. Rb5 Ke3 69. Rd5 Ke4 70. Rb5 Rd7 71. Kd2 Rd5
72. Rb7 Rxf5 73. Re7+ Kd4 74. Rd7+ Kc5 75. Rc7+ Kb4 76. Rb7+ Ka4 77. Ra7+ Kb3
78. Rb7+ Ka2 79. Ra7+ Kxb2 80. Rb7+ Ka3 81. Ra7+ Kb4 82. Rb7+ Kc5 83. Rc7+ Kd4
84. Rd7+ Rd5 85. Rxg7 c3+ 86. Kc1 Re5 87. Rg1 d2+ 88. Kc2 Re1 0-1

[Event "Banff op U1800"]
[Site "Banff CAN"]
[Date "2021.11.13"]
[Round "4.37"]
[White "Wang, Lucas"]
[Black "Atwood, Matthew"]
[Result "1-0"]
[WhiteElo "1256"]
[BlackElo "1175"]
[PlyCount "64"]
[EventDate "2021.11.12"]
[EventType "swiss"]
[EventRounds "6"]
[EventCountry "CAN"]

1. d4 e6 2. Bf4 b6 3. e4 Bb7 4. Nc3 Bb4 5. Bd3 Nf6 6. Qe2 Nc6 7. d5 Bxc3+ 8.
bxc3 Na5 9. dxe6 dxe6 10. Rd1 Qc8 11. Nf3 O-O 12. O-O Nc6 13. Bg3 Nh5 14. e5
Nxg3 15. fxg3 Qe8 16. Bc4 Ne7 17. Bd3 h6 18. Nd4 a6 19. Nb3 Nd5 20. Qe4 g6 21.
c4 Nc3 22. Qxb7 Nxd1 23. Rxd1 Qc8 24. Qf3 c5 25. Qf4 Qc7 26. Nd2 Qd7 27. Ne4
Qd4+ 28. Kh1 Qb2 29. Nf6+ Kg7 30. Ne4 Rh8 31. Rf1 Raf8 32. Qf6+ Kg8 1-0

[Event "Banff op U1800"]
[Site "Banff CAN"]
[Date "2021.11.13"]
[Round "4.39"]
[White "Coates, Bruce"]
[Black "Nguyen, Justin"]
[Result "1-0"]
[WhiteElo "1249"]
[BlackElo "992"]
[PlyCount "105"]
[EventDate "2021.11.12"]
[EventType "swiss"]
[EventRounds "6"]
[EventCountry "CAN"]

1. Nf3 d5 2. d4 Nf6 3. Bf4 Nc6 4. e3 e6 5. Nbd2 Bd6 6. Ne5 Bd7 7. Nxd7 Qxd7 8.
Bxd6 Qxd6 9. Bb5 O-O 10. c3 Ne7 11. Qc2 c5 12. dxc5 Qxc5 13. Bd3 Rfc8 14. Nf3
h6 15. O-O b5 16. Rac1 Qb6 17. Qb3 a6 18. a4 Rab8 19. axb5 axb5 20. Qb4 Nc6 21.
Qf4 Qc7 22. Qxc7 Rxc7 23. Nd4 e5 24. Nxb5 Rcb7 25. c4 dxc4 26. Bxc4 Na5 27. Nd6
Nxc4 28. Nxb7 Nxe3 29. fxe3 Rxb7 30. Rxf6 gxf6 31. Rb1 Kf8 32. Kf2 Ke7 33. b4
Kd6 34. e4 Ke6 35. g4 Rb5 36. Kg3 Ke7 37. Kf3 Kd6 38. Ke3 Kd7 39. Kd3 Kc6 40.
Kc4 Kb6 41. Rf1 Ka6 42. Rxf6+ Rb6 43. Rxb6+ Kxb6 44. Kd5 f6 45. Ke6 Kb5 46.
Kxf6 Kxb4 47. Kxe5 Kc5 48. Kf6 Kd6 49. Kg6 Ke6 50. Kxh6 Kf6 51. g5+ Kf7 52. Kh7
Kf8 53. g6 1-0

[Event "Banff op U1800"]
[Site "Banff CAN"]
[Date "2021.11.13"]
[Round "4.40"]
[White "Jackson, Mateo"]
[Black "Ratte, Daniel"]
[Result "1/2-1/2"]
[WhiteElo "1157"]
[BlackElo "1369"]
[PlyCount "86"]
[EventDate "2021.11.12"]
[EventType "swiss"]
[EventRounds "6"]
[EventCountry "CAN"]

1. e4 c5 2. Nc3 Nc6 3. Bc4 g6 4. f4 Bg7 5. Nf3 a6 6. d3 d6 7. O-O Bg4 8. Qe1
Bxf3 9. Rxf3 Nd4 10. Rf2 e6 11. f5 b5 12. Bb3 a5 13. fxe6 fxe6 14. a4 b4 15.
Nb5 Qd7 16. Rb1 Nxb5 17. axb5 Nf6 18. e5 Ng4 19. Qe4 Nxf2 20. Qxa8+ Kf7 21.
Qf3+ Ke8 22. Qxf2 Rf8 23. Qe2 Bxe5 24. Bh6 Rf7 25. Rf1 Qe7 26. Rxf7 Kxf7 27.
Qf3+ Ke8 28. b6 d5 29. Ba4+ Kd8 30. Qf8+ Qxf8 31. Bxf8 c4 32. b3 cxb3 33. Bxb3
Bd4+ 34. Kf1 Bxb6 35. Ke2 Kc7 36. Kf3 Bd4 37. Kg4 Bf6 38. Bh6 Kd6 39. h4 Ke7
40. Bg5 h5+ 41. Kf4 e5+ 42. Ke3 Bxg5+ 43. hxg5 Kd6 1/2-1/2

[Event "Banff op U1800"]
[Site "Banff CAN"]
[Date "2021.11.13"]
[Round "4.41"]
[White "Chatterjee, Kinjal"]
[Black "Viminitz, Paul"]
[Result "1-0"]
[WhiteElo "1087"]
[BlackElo "1454"]
[PlyCount "35"]
[EventDate "2021.11.12"]
[EventType "swiss"]
[EventRounds "6"]
[EventCountry "CAN"]

1. e4 d6 2. d4 Nf6 3. Nc3 g6 4. Bd3 Bg7 5. e5 dxe5 6. dxe5 Ng4 7. f4 c6 8. h3
Nh6 9. Nf3 b5 10. Ne4 Bf5 11. Nc5 Nd7 12. Nb3 e6 13. Nfd4 Bxd3 14. Qxd3 Qc7 15.
Qc3 Rc8 16. a4 bxa4 17. Rxa4 c5 18. Nb5 1-0

[Event "Banff op U1800"]
[Site "Banff CAN"]
[Date "2021.11.13"]
[Round "4.42"]
[White "Husain, Ali"]
[Black "Ratte, James"]
[Result "1-0"]
[WhiteElo "1742"]
[BlackElo "912"]
[PlyCount "79"]
[EventDate "2021.11.12"]
[EventType "swiss"]
[EventRounds "6"]
[EventCountry "CAN"]

1. d4 d5 2. c4 dxc4 3. Nc3 Nf6 4. e3 e6 5. Bxc4 Nc6 6. Nf3 Be7 7. O-O O-O 8.
Qe2 Qd6 9. Rd1 Na5 10. Bd3 Ng4 11. Qc2 g6 12. Nb5 Qd8 13. Nxc7 Rb8 14. Nb5 a6
15. Nc3 b5 16. h3 Nf6 17. Qe2 Bb7 18. e4 Ne8 19. Bh6 Ng7 20. Rac1 Re8 21. Bd2
Rc8 22. Qe1 f5 23. Nxb5 Rxc1 24. Rxc1 axb5 25. Bxa5 Qa8 26. Bxb5 Rc8 27. Rxc8+
Qxc8 28. Qc3 Qb8 29. Qc7 Qa8 30. Qxe7 Qxa5 31. Qxb7 Qd8 32. Ne5 Qf8 33. Nd7 Qd8
34. e5 h5 35. Nf6+ Kh8 36. Qf7 Qc8 37. Qg8+ Qxg8 38. Nxg8 Kxg8 39. f4 Ne8 40.
Bxe8 1-0

[Event "Banff op U1800"]
[Site "Banff CAN"]
[Date "2021.11.13"]
[Round "4.43"]
[White "Sayegh, Mike"]
[Black "Byun, Jae Hyun"]
[Result "0-1"]
[WhiteElo "1180"]
[BlackElo "1586"]
[PlyCount "72"]
[EventDate "2021.11.12"]
[EventType "swiss"]
[EventRounds "6"]
[EventCountry "CAN"]

1. e4 c5 2. Nf3 d6 3. Bb5+ Nd7 4. d3 a6 5. Bxd7+ Bxd7 6. O-O Nf6 7. e5 dxe5 8.
Nxe5 e6 9. Nc3 Be7 10. Qf3 b5 11. Bg5 O-O 12. a3 Qc7 13. Nxd7 Qxd7 14. Bxf6
Bxf6 15. Ne4 Bxb2 16. Nxc5 Qc7 17. Ra2 Qxc5 18. Rxb2 Qxa3 19. Rbb1 Qc3 20. Rbc1
Rfc8 21. Rfe1 a5 22. Re4 Qd2 23. Qd1 Qxd1+ 24. Rxd1 Rxc2 25. Rd4 b4 26. Ra1 h6
27. h3 b3 28. Rb1 a4 29. Kh2 Rc3 30. Rc4 Rxd3 31. Rb4 Rd2 32. f3 Rd3 33. Ra1 a3
34. Rb1 a2 35. Ra1 Rc8 36. Kg3 Rc2 0-1

[Event "Banff op U1800"]
[Site "Banff CAN"]
[Date "2021.11.13"]
[Round "4.44"]
[White "Mantla, Harrison"]
[Black "Hendi, Mickail"]
[Result "1-0"]
[WhiteElo "1387"]
[BlackElo "718"]
[PlyCount "85"]
[EventDate "2021.11.12"]
[EventType "swiss"]
[EventRounds "6"]
[EventCountry "CAN"]

1. d4 d5 2. Nf3 Nf6 3. Bf4 c5 4. c3 Nc6 5. e3 e6 6. Bd3 Qb6 7. b3 c4 8. bxc4
Qb2 9. Nbd2 Qxc3 10. Ke2 Nb4 11. Qb3 Qxd3+ 12. Qxd3 Nxd3 13. Kxd3 Ng4 14. Ke2
dxc4 15. Nxc4 b5 16. Nd6+ Bxd6 17. Bxd6 Bb7 18. Rac1 Bd5 19. a3 Nf6 20. Rc5 Ne4
21. Be7 Kxe7 22. Rc7+ Kf6 23. Ne5 Rhc8 24. Rxf7+ Kg5 25. f4+ Kh5 26. g4+ Kh6
27. g5+ Kh5 28. Rxg7 Rh8 29. Rc1 Bc4+ 30. Nxc4 bxc4 31. Rxc4 Nd6 32. Rc6 Nf5
33. Rf7 a5 34. Rxe6 Rae8 35. Rxe8 Nxd4+ 36. exd4 Rxe8+ 37. Kf3 Rb8 38. Rxh7+
Kg6 39. Rh6+ Kf7 40. Kg4 Rb3 41. Rf6+ Kg7 42. d5 Rxa3 43. Ra6 1-0

[Event "Banff op U1800"]
[Site "Banff CAN"]
[Date "2021.11.13"]
[Round "4.47"]
[White "Cowan, Brennan"]
[Black "Gavrileva, Anna"]
[Result "1/2-1/2"]
[WhiteElo "1178"]
[BlackElo "1203"]
[PlyCount "100"]
[EventDate "2021.11.12"]
[EventType "swiss"]
[EventRounds "6"]
[EventCountry "CAN"]

1. e4 e6 2. d4 d5 3. exd5 exd5 4. Nf3 Nc6 5. Bb5 Bd7 6. O-O Bd6 7. Re1+ Nge7 8.
Nc3 O-O 9. Bg5 Be6 10. Ne2 Qd7 11. Bf4 a6 12. Bd3 Bxf4 13. Nxf4 Bf5 14. Ne5
Nxe5 15. Rxe5 Bxd3 16. Qxd3 c6 17. Rae1 Rfe8 18. Qe2 Kf8 19. Qd3 Ng6 20. Nxg6+
hxg6 21. Qa3+ Kg8 22. h3 Rxe5 23. Rxe5 Re8 24. Rxe8+ Qxe8 25. Qb4 Qd7 26. Kf1
f6 27. c4 dxc4 28. Qxc4+ Qd5 29. Qxd5+ cxd5 30. Ke2 Kf7 31. Kd3 Ke6 32. g4 Kd6
33. Kc3 a5 34. a4 f5 35. f4 Ke6 36. g5 Kd6 37. b4 b6 38. b5 Ke7 39. Kd3 Kf7 40.
Ke3 Kg8 41. Kf3 Kh8 42. h4 Kh7 43. Kg3 Kg8 44. h5 gxh5 45. g6 Kf8 46. Kh4 Ke7
47. Kg5 h4 48. Kxh4 Kf6 49. Kh5 Ke7 50. Kg5 Ke6 1/2-1/2

[Event "Banff op U1800"]
[Site "Banff CAN"]
[Date "2021.11.13"]
[Round "4.50"]
[White "McGinnis, Paul"]
[Black "Nguyen, Ryan"]
[Result "1-0"]
[WhiteElo "1702"]
[BlackElo "614"]
[PlyCount "67"]
[EventDate "2021.11.12"]
[EventType "swiss"]
[EventRounds "6"]
[EventCountry "CAN"]

1. Nf3 d5 2. g3 Nc6 3. Bg2 e5 4. d3 Nf6 5. Nbd2 d4 6. O-O Bd6 7. Nc4 Bc5 8.
Nfxe5 Nxe5 9. Nxe5 O-O 10. a3 Bd6 11. Nc4 Be7 12. e4 dxe3 13. Bxe3 Re8 14. c3
c6 15. Qc2 Bf5 16. Rad1 Qc7 17. Bf4 Qd7 18. Rfe1 Bf8 19. Ne5 Qc8 20. Qb3 Re7
21. d4 Qd8 22. Bg5 Re6 23. d5 Rd6 24. dxc6 bxc6 25. Rxd6 Bxd6 26. Nxf7 Qf8 27.
Nxd6+ Nd5 28. Bxd5+ Kh8 29. Nf7+ Kg8 30. Be7 Qe8 31. Nd6+ cxd5 32. Qxd5+ Kh8
33. Qxf5 h6 34. Qf7 1-0

[Event "Banff op U1800"]
[Site "Banff CAN"]
[Date "2021.11.14"]
[Round "5.31"]
[White "Ancheta, Rodelio Gallard"]
[Black "Maheux, Pierre"]
[Result "0-1"]
[WhiteElo "1658"]
[BlackElo "1627"]
[PlyCount "88"]
[EventDate "2021.11.12"]
[EventType "swiss"]
[EventRounds "6"]
[EventCountry "CAN"]

1. d4 c5 2. e3 e6 3. c4 Nf6 4. Nf3 Be7 5. Nc3 O-O 6. Bd3 d5 7. cxd5 exd5 8. O-O
c4 9. Bc2 Bg4 10. Re1 Nc6 11. a3 Re8 12. h3 Bh5 13. g4 Nxg4 14. hxg4 Bxg4 15.
Bxh7+ Kf8 16. Bc2 Bg5 17. Kg2 g6 18. Rh1 Kg7 19. Bd2 Qd7 20. e4 Rh8 21. Bxg5
Bh3+ 22. Kh2 Bf1+ 23. Kg3 Rxh1 24. Qxf1 Rxf1 25. Rxf1 Rh8 26. Bh4 dxe4 27. Nxe4
Nxd4 28. Bf6+ Kg8 29. Bxh8 Kxh8 30. Rh1+ Kg7 31. Nfg5 Nf5+ 32. Kg2 Nh6 33. Rh4
f6 34. Nh3 g5 35. Nxf6 Qc6+ 36. Be4 Qxf6 37. Rh5 Nf7 38. Rh7+ Kg8 39. f3 Qxb2+
40. Kg3 c3 41. Nf2 c2 42. Rh1 c1=Q 43. Rxc1 Qxc1 44. Bxb7 Qg1+ 0-1

[Event "Banff op U1800"]
[Site "Banff CAN"]
[Date "2021.11.14"]
[Round "5.34"]
[White "Wolfram, Ben"]
[Black "Wang, Lucas"]
[Result "1-0"]
[WhiteElo "1478"]
[BlackElo "1256"]
[PlyCount "51"]
[EventDate "2021.11.12"]
[EventType "swiss"]
[EventRounds "6"]
[EventCountry "CAN"]

1. d4 d5 2. c4 c6 3. Nc3 Nf6 4. Nf3 Bf5 5. cxd5 cxd5 6. Qb3 Qd7 7. Ne5 Qd8 8.
Qxb7 Nbd7 9. Nxd7 Bxd7 10. Nxd5 Qa5+ 11. Nc3 Rc8 12. e3 Rc7 13. Qa6 Qb4 14. Qa3
Qb6 15. Qb3 Qa5 16. Bb5 e6 17. Bxd7+ Nxd7 18. O-O Qa6 19. Bd2 Be7 20. Rfc1 O-O
21. Ne4 Rb7 22. Qc3 Nb6 23. Nc5 Bxc5 24. Qxc5 Rc8 25. Qxc8+ Nxc8 26. Rxc8# 1-0

[Event "Banff op U1800"]
[Site "Banff CAN"]
[Date "2021.11.14"]
[Round "5.35"]
[White "Bruneau, Gilles"]
[Black "Coates, Bruce"]
[Result "0-1"]
[WhiteElo "1400"]
[BlackElo "1249"]
[PlyCount "84"]
[EventDate "2021.11.12"]
[EventType "swiss"]
[EventRounds "6"]
[EventCountry "CAN"]

1. d4 d5 2. Bf4 Bf5 3. e3 Nf6 4. Bd3 Bxd3 5. Qxd3 c6 6. h3 Nbd7 7. Nf3 e6 8.
Nbd2 Be7 9. O-O O-O 10. Rac1 c5 11. c4 cxd4 12. exd4 dxc4 13. Nxc4 Nc5 14. Qe2
Nce4 15. Ncd2 Nxd2 16. Qxd2 Nd5 17. Rc4 Rc8 18. Rxc8 Qxc8 19. Rc1 Qd8 20. Be5
Bf6 21. Qe2 Bxe5 22. dxe5 Qa5 23. a3 a6 24. Qc4 h6 25. Qc5 Qa4 26. Qd4 Qb5 27.
b4 Qa4 28. Qb2 Rd8 29. g3 Qb5 30. Qc2 Rd7 31. Qc8+ Kh7 32. Qc2+ g6 33. Nd4 Qb6
34. Nb3 Ne3 35. fxe3 Qxe3+ 36. Kg2 Rd3 37. Qf2 Qe4+ 38. Kh2 Rf3 39. Qc2 Qe3 40.
Qc5 Rf2+ 41. Kh1 Qf3+ 42. Kg1 Qg2# 0-1

[Event "Banff op U1800"]
[Site "Banff CAN"]
[Date "2021.11.14"]
[Round "5.36"]
[White "Landon, Matthew"]
[Black "Drury, Jonathan"]
[Result "1-0"]
[WhiteElo "1136"]
[BlackElo "1616"]
[PlyCount "125"]
[EventDate "2021.11.12"]
[EventType "swiss"]
[EventRounds "6"]
[EventCountry "CAN"]

1. e4 c5 2. d4 cxd4 3. c3 dxc3 4. Nxc3 e6 5. Bc4 a6 6. Nf3 b5 7. Bb3 Bb7 8. Qe2
Bc5 9. Bf4 Ne7 10. O-O-O O-O 11. h4 Qc8 12. Rd2 b4 13. Rc2 Nbc6 14. Na4 Ba7 15.
Bd6 Qd8 16. Qc4 a5 17. Nc5 Bxc5 18. Qxc5 Re8 19. Ba4 Nc8 20. e5 Qb6 21. Rd1
Qxc5 22. Bxc5 Rd8 23. Rcd2 d5 24. exd6 N8a7 25. d7 g6 26. Bb6 Ne7 27. Bxd8 Rxd8
28. Rc2 Nd5 29. Rxd5 Bxd5 30. Rc7 Bc6 31. Bxc6 Nxc6 32. Rxc6 Rxd7 33. Ra6 Rd5
34. Nd2 Rc5+ 35. Kd1 Rd5 36. g3 e5 37. Kc2 f5 38. Nc4 e4 39. Rxa5 Rd3 40. Ne5
Rd4 41. Rb5 Kg7 42. a4 bxa3 43. bxa3 Kf6 44. Nc6 Rc4+ 45. Kb3 Rxc6 46. a4 h6
47. a5 Ke6 48. Rb6 Kd6 49. Rxc6+ Kxc6 50. Kc4 g5 51. hxg5 hxg5 52. Kd4 Kb5 53.
Ke5 f4 54. Kxe4 fxg3 55. fxg3 Kxa5 56. g4 Kb6 57. Kf5 Kc7 58. Kxg5 Kd7 59. Kf6
Ke8 60. Kg7 Ke7 61. g5 Ke8 62. Kg8 Ke7 63. g6 1-0

[Event "Banff op U1800"]
[Site "Banff CAN"]
[Date "2021.11.14"]
[Round "5.37"]
[White "Stefanov, Marko"]
[Black "Jackson, Mateo"]
[Result "1-0"]
[WhiteElo "922"]
[BlackElo "1157"]
[PlyCount "49"]
[EventDate "2021.11.12"]
[EventType "swiss"]
[EventRounds "6"]
[EventCountry "CAN"]

1. e4 c5 2. Bc4 Nc6 3. Nf3 g6 4. c3 Bg7 5. O-O d6 6. h3 Nf6 7. Re1 O-O 8. d4
cxd4 9. cxd4 d5 10. exd5 Nxd5 11. Nc3 Nb6 12. Bf1 Nxd4 13. Bg5 Re8 14. Nxd4
Bxd4 15. Bxe7 Rxe7 16. Rxe7 Bxf2+ 17. Kxf2 Qxe7 18. Qd4 Bf5 19. Re1 Qg5 20. Ne4
Qf4+ 21. Kg1 Kf8 22. Qh8+ Ke7 23. Qf6+ Kd7 24. Rd1+ Kc8 25. Qd8# 1-0

[Event "Banff op U1800"]
[Site "Banff CAN"]
[Date "2021.11.14"]
[Round "5.38"]
[White "Husain, Ali"]
[Black "Chatterjee, Kinjal"]
[Result "1-0"]
[WhiteElo "1742"]
[BlackElo "1087"]
[PlyCount "65"]
[EventDate "2021.11.12"]
[EventType "swiss"]
[EventRounds "6"]
[EventCountry "CAN"]

1. e4 c6 2. d4 d5 3. Nc3 dxe4 4. Nxe4 Bf5 5. Ng3 Bg6 6. h4 Nf6 7. Nf3 e6 8. Bg5
h6 9. Bxf6 Qxf6 10. Bd3 Bxd3 11. Qxd3 c5 12. Ne4 Qe7 13. dxc5 Qc7 14. O-O-O Nd7
15. Nd6+ Bxd6 16. Qxd6 Qxd6 17. cxd6 O-O-O 18. Rd3 Nf6 19. Ne5 Rhf8 20. f3 Nd5
21. Rhd1 Rxd6 22. c4 f6 23. Ng6 Rc6 24. Nxf8 Rxc4+ 25. Kb1 Rxh4 26. Nxe6 Kd7
27. Nxg7 Kc6 28. Rxd5 Rh2 29. Rd6+ Kc5 30. Ne6+ Kb5 31. R1d5+ Ka4 32. Nc5+ Kb4
33. Nd3+ 1-0

[Event "Banff op U1800"]
[Site "Banff CAN"]
[Date "2021.11.14"]
[Round "5.39"]
[White "Byun, Jae Hyun"]
[Black "Gokhale, Tanishka"]
[Result "1-0"]
[WhiteElo "1586"]
[BlackElo "812"]
[PlyCount "145"]
[EventDate "2021.11.12"]
[EventType "swiss"]
[EventRounds "6"]
[EventCountry "CAN"]

1. e4 d5 2. exd5 Qxd5 3. Nc3 Qa5 4. Nf3 Nf6 5. d4 c5 6. Bc4 Bg4 7. Bxf7+ Kxf7
8. Ne5+ Ke8 9. Nxg4 Nxg4 10. Qxg4 cxd4 11. Qxd4 Nc6 12. Qd5 Qxd5 13. Nxd5 Rc8
14. O-O g6 15. Re1 Bg7 16. c3 Rd8 17. Nc7+ Kf7 18. Ne6 Rd7 19. Nxg7 Kxg7 20.
Bf4 Rf8 21. g3 h6 22. h4 e5 23. Be3 b6 24. f4 exf4 25. Bxf4 Rf5 26. Re6 Nd8 27.
Re5 Rxe5 28. Bxe5+ Kh7 29. Bd4 Ne6 30. Rd1 Nc5 31. b4 Ne4 32. Rd3 Nxc3 33. Rxc3
Rxd4 34. Rc7+ Kg8 35. Rxa7 Rxb4 36. Kf2 Rb5 37. g4 Rd5 38. Ke3 g5 39. hxg5 Rxg5
40. Kf4 b5 41. Ra5 Kg7 42. Ra7+ Kg6 43. Ra6+ Kg7 44. Rb6 Kf7 45. Rxh6 Rc5 46.
Ra6 Kg7 47. g5 Kf7 48. Kg4 Kg7 49. Kh5 Rc2 50. Ra7+ Kf8 51. Kg6 Rc6+ 52. Kh7
Rc4 53. Ra8+ Ke7 54. g6 Kf6 55. Ra6+ Kg5 56. g7 Rc7 57. Kh8 Rc8+ 58. g8=Q+
Rxg8+ 59. Kxg8 Kf4 60. Rb6 Ke4 61. Rxb5 Kd4 62. a4 Kc4 63. Rb8 Kc5 64. a5 Kc6
65. a6 Kc5 66. a7 Kd4 67. a8=Q Kc5 68. Qa6 Kd5 69. Rb5+ Kc4 70. Qa4+ Kc3 71.
Rb3+ Kc2 72. Qa2+ Kc1 73. Rb1# 1-0